Statistics for My Three Sons - Actors (1960s TV)

Click here to take the quiz!

General Stats

  • This quiz has been taken 7 times
  • The average score is 4 of 12

Answer Stats

HintAnswer% Correct
Steve DouglasFred MacMurray
100%
Ernie DouglasBarry Livingston
43%
Robbie DouglasDon Grady
43%
Chip DouglasStanley Livingston
43%
Uncle Charley O'CaseyWilliam Demarest
43%
Bub O'CaseyWilliam Frawley
43%
Barbara Harper DouglasBeverly Garland
29%
Mike DouglasTim Considine
29%
Katie Miller DouglasTina Cole
29%
Dodie Harper DouglasDawn Lyn
14%
Sally Ann Morrison DouglasMeredith MacRae
14%
Polly Williams DouglasRonne Troupe
14%

Score Distribution

Percentile by Number Answered

Percent of People with Each Score

Your Score History

You have not taken this quiz